000 00931nam a22001697a 4500
005 20260123085517.0
008 230713b ||||| |||| 00| 0 eng d
040 _cSSBUL
_dSSBUL
082 _223
_a၃၂၈.၅၉၁ ဒု ၁၆၁၃၄ (S-SAT)
245 _aဒုတိယအကြိမ်ပြည်သူ့လွှတ်တော်စတုတ္ထအစည်းအဝေးတွင် တင်ပြသောအစီရင်ခံစာများနှင့် ပက်သက်သည့်.../
260 _c၁၉၇၉။
300 _a၁၀၀ စာမျက်နှာ၊
_c၂၂ စင်တီ။
500 _aS-SAT: Dr. Prof Sai Aung Tun
650 _aမြန်မာနိုင်ငံပြည်သူ့လွှတ်တော်။
_927829
650 _aလွှတ်တော်အစည်းအဝေး
_zမြန်မာနိုင်ငံ။
_927913
942 _2ddc
_cBK1
999 _c27145
_d27145